Una vez más la miseria: es Chile un país sustentable

Guardat en:
Dades bibliogràfiques
Autor principal: Claude, Marcel (Autor)
Format: Llibre
Idioma:espanyol
Publicat: Santiago LOM 1997
Col·lecció:Colección Sin Norte
Matèries:
Etiquetes: Afegir etiqueta
Sense etiquetes, Sigues el primer a etiquetar aquest registre!

MARC

LEADER 00000nam a2200000 a 4500
001 UCQ9023
003 CL-VaPUC
008 981218e19970000CL |||||||||||||||||spa|d
082 0 4 |a 333.7  |b CLA  |2 21 
100 0 |a Claude, Marcel  |e author  |9 423477 
245 1 4 |a Una vez más la miseria: es Chile un país sustentable 
300 |a 216 p 
942 |c BK 
945 |d 19981218 00:00:00  |a aarredon 
260 |a Santiago  |b LOM  |c 1997 
650 0 |a Economía   |9 255568 
650 0 |a Medio ambiente  |9 257625 
650 0 |a Desarrollo sustentable  |9 333905 
650 0 |a Pobreza  |9 258652 
650 0 |a Economía de mercado  |9 328785 
650 0 |a Impacto ambiental  |9 262796 
650 0 |a Recursos naturales  |9 255232 
650 0 |a Modernidad   |9 265371 
650 7 |a EXPORTACIONES  |2 CL-VaPUC  |9 255382 
650 0 |a Energía   |9 259431 
650 7 |a RECURSOS FORESTALES  |2 CL-VaPUC  |9 334317 
650 7 |a RECURSOS HIDROLOGICOS  |2 CL-VaPUC  |9 262009 
583 |a last modification  |c 19981218 00:00:00  |k Rodrigo Vera 
490 0 |a Colección Sin Norte 
999 |c 278185  |d 278183 
952 |0 0  |1 0  |4 0  |6 333_700000000000000_CLA_1997  |7 0  |8 R  |9 316612  |a BIBGIM  |b BIBGIM  |d 2019-11-20  |i 3492419  |o 333.7 CLA 1997  |p 3492419  |r 2025-01-15  |w 2019-11-20  |y BK_R  |k SSL 
952 |0 0  |1 0  |4 0  |6 333_700000000000000_CLA_1997  |7 0  |8 A  |9 316613  |a BIBHIS  |b BIBHIS  |d 2019-11-20  |i 3522458  |o 333.7 CLA 1997  |p 3522458  |r 2025-01-20  |w 2019-11-20  |y BK  |k HIS